Основы технического черчения: учебник

Dettagli Bibliografici
Autore principale: Бусыгина Е. Б. Елена Борисовна
Altri autori: Соломонов К. Н. Константин Николаевич, Чиченева О. Н. Ольга Николаевна
Riassunto:Изложены основные разделы курса технического черчения: основные правила выполнения чертежей; геометрические построения (сопряжения прямых и окружностей, конусность, уклон, деление окружности на равные части); разъемные, в том числе резьбовые, и неразъемные соединения деталей; требования к выполнению эскизов деталей и чертежа сборочной единицы; сведения о грамотном чтении чертежей; принципы построения чертежей отдельных деталей по общему виду. Материалы базируются на ГОСТах, принятых в техническом черчении. Рекомендовано Учебно-методическим объединением по образованию в области металлургии в качестве учебного пособия для студентов высших учебных заведений, обучающихся по направлениям подготовки бакалавров 550500 и дипломированных специалистов 651300— Металлургия». Может быть полезно студентам и преподавателям вузов ведущих подготовку по другим технологическим направлениям.
Lingua:russo
Pubblicazione: Москва, МИСиС, 2004
Soggetti:
Natura: Libro
KOHA link:https://koha.lib.tpu.ru/cgi-bin/koha/opac-detail.pl?biblionumber=71608

MARC

LEADER 00000nam0a2200000 4500
001 71608
005 20231101212607.0
010 |a 5876231266 
035 |a (RuTPU)RU\TPU\book\76316 
090 |a 71608 
100 |a 20041221d2004 m y0rusy50 ca 
101 0 |a rus 
102 |a RU 
105 |a a j 001zy 
200 1 |a Основы технического черчения  |e учебник  |f Е. Б. Бусыгина, К. Н. Соломонов, О. Н. Чиченева 
210 |a Москва  |c МИСиС  |d 2004 
215 |a 112 с.  |c ил. 
320 |a Библиогр.: с. 110. 
330 |a Изложены основные разделы курса технического черчения: основные правила выполнения чертежей; геометрические построения (сопряжения прямых и окружностей, конусность, уклон, деление окружности на равные части); разъемные, в том числе резьбовые, и неразъемные соединения деталей; требования к выполнению эскизов деталей и чертежа сборочной единицы; сведения о грамотном чтении чертежей; принципы построения чертежей отдельных деталей по общему виду. Материалы базируются на ГОСТах, принятых в техническом черчении. Рекомендовано Учебно-методическим объединением по образованию в области металлургии в качестве учебного пособия для студентов высших учебных заведений, обучающихся по направлениям подготовки бакалавров 550500 и дипломированных специалистов 651300— Металлургия». Может быть полезно студентам и преподавателям вузов ведущих подготовку по другим технологическим направлениям. 
606 |a Техническое черчение  |2 stltpush  |3 (RuTPU)RU\TPU\subj\60140  |9 77629 
610 1 |a техническое черчение 
610 1 |a конструкторская документация 
610 1 |a геометрические построения 
610 1 |a чертежи 
610 1 |a основные правила 
610 1 |a детали 
610 1 |a соединения 
610 1 |a эскизы 
610 1 |a сборочные чертежи 
610 1 |a деталирование 
610 1 |a учебники 
675 |a 744(075.8)  |v 3 
700 1 |a Бусыгина  |b Е. Б.  |g Елена Борисовна 
701 1 |a Соломонов  |b К. Н.  |g Константин Николаевич 
701 1 |a Чиченева  |b О. Н.  |g Ольга Николаевна 
801 1 |a RU  |b 63413507  |c 20041221  |g PSBO 
801 2 |a RU  |b 63413507  |c 20220530  |g PSBO 
900 |a Черчение 
942 |c BK 
951 |a 550500  |b 110000 
959 |a 176/20041221  |d 2  |e 0  |f НФ:2